Teacher's manual for use with marketing research (Record no. 59463)

MARC details
000 -LEADER
fixed length control field 00565nam a2200169 a 4500
008 - FIXED-LENGTH DATA ELEMENTS--GENERAL INFORMATION
fixed length control field 120416s1981 ||||||||||||||||| || u
050 ## - LIBRARY OF CONGRESS CALL NUMBER
Classification number HF 5415.2 Boy
100 ## - MAIN ENTRY--PERSONAL NAME
Personal name Boyd, Harper W
245 10 - TITLE STATEMENT
Title Teacher's manual for use with marketing research
246 ## - VARYING FORM OF TITLE
Title proper/short title text and cases
250 ## - EDITION STATEMENT
Edition statement 5th ed.
260 ## - PUBLICATION, DISTRIBUTION, ETC.
Place of publication, distribution, etc. Homewood, Ill.
Name of publisher, distributor, etc. Irwin
Date of publication, distribution, etc. 1981
300 ## - PHYSICAL DESCRIPTION
Extent v, 414p.
350 ## - PRICE (NR) (BK AM CF MU VM SE) [OBSOLETE]
Price 0.00
700 ## - ADDED ENTRY--PERSONAL NAME
Personal name Stasch, Stanley F
995 ## - RECOMMENDATION 995 [LOCAL, UNIMARC FRANCE]
-- 0.00
-- CBU-MAIN LIBRARY (Kitwe)
-- 1
-- 0.00
-- DAMAGED
-- Main Library Open Access Collection
Holdings
Withdrawn status Lost status Source of classification or shelving scheme Damaged status Not for loan Home library Current library Shelving location Date acquired Total Checkouts Full call number Barcode Date last seen Price effective from Koha item type
          CBU-MAIN LIBRARY, KITWE. CBU-MAIN LIBRARY, KITWE.   11/30/2022   HF 5415.2 Boy 005663 11/30/2022 11/30/2022 MONOGRAPH